[Event "XVII MetLife Najdorf Open 2017"]
[Site "Warsaw"]
[Date "2017.07.16"]
[Round "8"]
[White "Kubicka, Anna"]
[Black "Bartel, Michal"]
[Result "1/2-1/2"]
[WhiteElo "2152"]
[BlackElo "2343"]
[Annotator "ChessBase"]
[PlyCount "157"]
[EventDate "2017.??.??"]
[EventType "swiss"]
[EventCountry "POL"]
[SourceTitle "playchess.com"]
[Source "ChessBase"]
[SourceQuality "1"]
[TimeControl "40/5400+30:1800+30"]

1. e4 {[%emt 0:00:00]} e5 {[%emt 0:00:41]} 2. Nf3 {[%emt 0:00:24]} Nc6 {[%emt 0:00:06]} 3. Bb5 {[%emt 0:00:20]} a6 {[%emt 0:00:08]} 4. Ba4 {[%emt 0:00:13]} Nf6 {[%emt 0:00:09]} 5. O-O {[%emt 0:00:21]} Be7 {[%emt 0:00:04]} 6. Re1 {[%emt 0:00:16]} b5 {[%emt 0:00:06]} 7. Bb3 {[%emt 0:00:07]} d6 {[%emt 0:00:08]} 8. c3 {[%emt 0:00:16]} O-O {[%emt 0:00:08]} 9. h3 {[%emt 0:00:10]} Nb8 {[%emt 0:01:01]} 10. d4 {[%emt 0:00:30]} Nbd7 {[%emt 0:00:27]} 11. Nbd2 {[%emt 0:00:33]} Bb7 {[%emt 0:00:06]} 12. Bc2 {[%emt 0:00:16]} Re8 {[%emt 0:00:16]} 13. Nf1 {[%emt 0:00:15]} Bf8 {[%emt 0:00:16]} 14. Ng3 {[%emt 0:00:15]} g6 {[%emt 0:01:27]} 15. Bg5 {[%emt 0:04:07]} h6 {[%emt 0:00:06]} 16. Bd2 {[%emt 0:00:18]} Bg7 {[%emt 0:00:05]} 17. Nh2 {[%emt 0:00:58]} d5 {[%emt 0:07:09]} 18. dxe5 {[%emt 0:02:42]} Nxe4 {[%emt 0:05:12]} 19. Nxe4 {[%emt 0:04:52]} dxe4 {[%emt 0:00:05]} 20. Qc1 {[%emt 0:05:59]} Nxe5 {[%emt 0:21:19]} 21. Bxh6 {[%emt 0:03:15]} f5 {[%emt 0:00:11]} 22. Bxg7 {[%emt 0:02:47]} Kxg7 {[%emt 0:00:07]} 23. Nf1 {[%emt 0:05:35]} Qh4 {[%emt 0:07:53]} 24. a4 {[%emt 0:10:00]} Rh8 {[%emt 0:02:43]} 25. Qe3 {[%emt 0:06:51]} Qe7 {[%emt 0:08:22]} 26. Rad1 {[%emt 0:11:11]} Rad8 {[%emt 0:01:20]} 27. axb5 {[%emt 0:00:48]} axb5 {[%emt 0:00:04]} 28. Rxd8 {[%emt 0:00:42]} Rxd8 {[%emt 0:00:05]} 29. Rd1 {[%emt 0:01:43]} Rxd1 {[%emt 0:04:44]} 30. Bxd1 {[%emt 0:01:03]} c5 {[%emt 0:01:23]} 31. Qd2 {[%emt 0:02:38]} Nc4 {[%emt 0:01:32]} 32. Qc1 {[%emt 0:00:45]} Qd6 {[%emt 0:00:06]} 33. Be2 {[%emt 0:01:30]} Ne5 {[%emt 0:03:14]} 34. Bxb5 {[%emt 0:03:47]} c4 {[%emt 0:01:43]} 35. Qe3 {[%emt 0:05:29]} Qd5 {[%emt 0:00:18]} 36. Be8 {[%emt 0:01:32]} Kf8 {[%emt 0:14:58]} 37. Ba4 {[%emt 0:00:39]} Kg7 {[%emt 0:00:55]} 38. Qg5 {[%emt 0:06:08]} Nf7 {[%emt 0:00:05]} 39. Qd2 {[%emt 0:03:37]} Ne5 {[%emt 0:01:20]} 40. Qxd5 {[%emt 0:00:00]} Bxd5 {[%emt 0:00:13]} 41. Ne3 {[%emt 0:05:49]} Be6 {[%emt 0:00:03]} 42. h4 {[%emt 0:03:11]} f4 {[%emt 0:01:49]} 43. Nd1 {[%emt 0:00:21]} Nd3 {[%emt 0:00:50]} 44. g3 {[%emt 0:11:58]} Kf6 {[%emt 0:06:45]} 45. gxf4 {[%emt 0:03:04]} Kf5 {[%emt 0:00:13]} 46. Be8 {[%emt 0:02:30]} Nxf4 {[%emt 0:01:40]} 47. Ne3+ {[%emt 0:00:48]} Kf6 {[%emt 0:00:04]} 48. Bb5 {[%emt 0:06:23]} Nd3 {[%emt 0:00:05]} 49. Bxc4 {[%emt 0:00:16]} Nxb2 {[%emt 0:00:03]} 50. Bxe6 {[%emt 0:00:09]} Kxe6 {[%emt 0:00:03]} 51. Kg2 {[%emt 0:00:30]} Nd3 {[%emt 0:00:41]} 52. Kg3 {[%emt 0:00:56]} Kf6 {[%emt 0:00:17]} 53. c4 {[%emt 0:01:33]} Ke5 {[%emt 0:00:30]} 54. Nd5 {[%emt 0:02:20]} Kf5 {[%emt 0:00:13]} 55. Nc7 {[%emt 0:06:34]} g5 {[%emt 0:06:49]} 56. h5 {[%emt 0:04:21]} Nf4 {[%emt 0:00:02]} 57. h6 {[%emt 0:00:17]} Kg6 {[%emt 0:00:02]} 58. Na6 {[%emt 0:01:43]} Kxh6 {[%emt 0:01:11]} 59. c5 {[%emt 0:00:12]} Ne2+ {[%emt 0:00:22]} 60. Kg4 {[%emt 0:00:26]} Nd4 {[%emt 0:00:08]} 61. Nb4 {[%emt 0:01:28]} Kg6 {[%emt 0:00:49]} 62. c6 {[%emt 0:00:29]} Nb5 {[%emt 0:01:17]} 63. Nd5 {[%emt 0:00:15]} Na7 {[%emt 0:04:34]} 64. c7 {[%emt 0:00:59]} Nc8 {[%emt 0:00:03]} 65. Nc3 {[%emt 0:00:27]} Kf6 {[%emt 0:00:02]} 66. Nxe4+ {[%emt 0:00:52]} Ke6 {[%emt 0:00:06]} 67. Kxg5 {[%emt 0:00:31]} Kd7 {[%emt 0:00:02]} 68. Kf6 {[%emt 0:00:26]} Kxc7 {[%emt 0:00:08]} 69. Ke6 {[%emt 0:00:34]} Kd8 {[%emt 0:00:30]} 70. f4 {[%emt 0:01:02]} Ne7 {[%emt 0:01:02]} 71. Nd6 {[%emt 0:00:56]} Nc6 {[%emt 0:00:04]} 72. Nb5 {[%emt 0:00:44]} Ke8 {[%emt 0:00:07]} 73. Nc7+ {[%emt 0:00:26]} Kf8 {[%emt 0:00:45]} 74. Kd5 {[%emt 0:00:25]} Ne7+ {[%emt 0:00:06]} 75. Kd6 {[%emt 0:00:26]} Kf7 {[%emt 0:00:09]} 76. Nb5 {[%emt 0:01:01]} Ng6 {[%emt 0:00:06]} 77. f5 {[%emt 0:00:07]} Ne7 {[%emt 0:00:05]} 78. Ke5 {[%emt 0:00:16]} Nxf5 {[%emt 0:00:03]} 79. Kxf5 {[%emt 0:00:10]} 1/2-1/2

[Event "XVII MetLife Najdorf Open 2017"]
[Site "Warsaw"]
[Date "2017.07.16"]
[Round "8"]
[White "Mis, Mieszko"]
[Black "Heinemann, Josefine"]
[Result "1/2-1/2"]
[WhiteElo "2137"]
[BlackElo "2294"]
[Annotator "NA"]
[PlyCount "108"]
[EventDate "2017.??.??"]
[EventType "swiss"]
[EventCountry "POL"]
[SourceTitle "playchess.com"]
[Source "ChessBase"]
[SourceQuality "1"]
[TimeControl "40/5400+30:1800+30"]

1. d4 {[%emt 0:00:00]} Nf6 {[%emt 0:00:05]} 2. Nf3 {[%emt 0:00:00]} g6 {[%emt 0:00:09]} 3. Nbd2 {[%emt 0:00:01]} c5 {[%emt 0:00:14]} 4. dxc5 {[%emt 0:00:14]} Qa5 {[%emt 0:00:06]} 5. a3 {[%emt 0:00:05]} Qxc5 {[%emt 0:00:03]} 6. b4 {[%emt 0:00:03]} Qc7 {[%emt 0:00:05]} 7. Bb2 {[%emt 0:00:03]} Bg7 {[%emt 0:00:04]} 8. e3 {[%emt 0:00:05]} d6 {[%emt 0:01:14]} 9. Be2 {[%emt 0:01:16]} O-O {[%emt 0:00:32]} 10. O-O {[%emt 0:01:42]} b6 {[%emt 0:00:42]} 11. c4 {[%emt 0:02:20]} Bb7 {[%emt 0:02:03]} 12. Rc1 {[%emt 0:03:49]} Nbd7 {[%emt 0:00:19]} 13. Qb3 {[%emt 0:01:28]} Rac8 {[%emt 0:04:02]} 14. Rfd1 {[%emt 0:00:29]} Qb8 {[%emt 0:01:54] A48: 1 d4 Nf6 2 Nf3 g6: Torre, London and Colle Systems} 15. Nd4 {[%emt 0:08:55]} (15. Bf1 Rfd8 16. Nd4 Qa8 17. Ba1 a6 18. Rc2 Rc7 19. Rdc1 Rdc8 20. Ne2 d5 21. Nf4 e6 22. cxd5 Rxc2 23. Rxc2 Nxd5 24. Bxg7 Kxg7 {½-½ (52) Bukavshin,I (2657)-Gelfand,B (2731) Moscow 2015}) 15... a6 {[%emt 0:06:02]} 16. Bf3 {[%emt 0:05:23]} Rc7 {[%emt 0:07:13]} 17. Bxb7 {[%emt 0:18:05]} Qxb7 {[%emt 0:01:18]} 18. Qd3 $146 {[%emt 0:04:57]} ({Predecessor:} 18. Rc2 Rfc8 19. Rdc1 h6 20. h3 Ne4 21. N4f3 Nxd2 22. Nxd2 {½-½ (65) Vunder,A (2255)-Smirnov,A (2385) St Petersburg 2007}) 18... Rfc8 {[%emt 0:05:43]} 19. Qe2 {[%emt 0:04:30]} Ne4 {[%emt 0:04:39]} 20. N2b3 {[%emt 0:16:23]} Ne5 {[%emt 0:04:39]} 21. f3 {[%emt 0:00:07]} Nf6 {[%emt 0:01:25]} 22. Nd2 {[%emt 0:00:05]} Nc6 {[%emt 0:05:41]} 23. N2b3 {[%emt 0:01:41]} Nd7 {[%emt 0:04:27]} 24. f4 {[%emt 0:06:58]} Nf6 {[%emt 0:02:56]} 25. Nxc6 {[%emt 0:09:28]} Qxc6 {[%emt 0:01:55]} 26. b5 {[%emt 0:00:14]} axb5 {[%emt 0:01:17]} 27. cxb5 {[%emt 0:01:33]} Qe4 {[%emt 0:00:28]} 28. Rxc7 {[%emt 0:03:32]} Rxc7 {[%emt 0:00:11]} 29. Nd2 {[%emt 0:02:08]} Qa4 {[%emt 0:04:16]} 30. Rc1 {[%emt 0:00:14]} Rxc1+ {[%emt 0:02:15]} 31. Bxc1 {[%emt 0:00:07]} d5 {[%emt 0:01:20]} 32. Bb2 {[%emt 0:04:48]} Qc2 {[%emt 0:00:45]} 33. Bxf6 {[%emt 0:00:32]} Bxf6 {[%emt 0:00:04]} 34. Kf2 {[%emt 0:00:50]} Bb2 {[%emt 0:05:46]} 35. a4 {[%emt 0:03:58]} Bc3 {[%emt 0:03:57]} 36. Nf3 {[%emt 0:00:30]} Qxa4 {[%emt 0:00:03]} 37. Qd3 {[%emt 0:00:39]} Qc4 {[%emt 0:01:52]} 38. Qxc4 {[%emt 0:00:17]} dxc4 {[%emt 0:00:04]} 39. e4 {[%emt 0:01:11]} Kf8 {[%emt 0:02:06]} 40. Ke3 {[%emt 0:00:00]} Bb2 {[%emt 0:01:42]} 41. Kd2 {[%emt 0:01:23]} Ke8 {[%emt 0:01:51]} 42. Kc2 {[%emt 0:00:14]} c3 {[%emt 0:05:55]} 43. Ne5 {[%emt 0:04:00]} Ba3 {[%emt 0:02:44]} 44. Kxc3 {[%emt 0:02:05]} Bc5 {[%emt 0:00:49]} 45. Nf3 {[%emt 0:02:29]} Be3 {[%emt 0:03:17]} 46. g3 {[%emt 0:00:58]} f6 {[%emt 0:00:49]} 47. Kc4 {[%emt 0:08:24]} Kd7 {[%emt 0:00:11]} 48. f5 {[%emt 0:00:05]} e6 {[%emt 0:05:16]} 49. Kd3 {[%emt 0:02:21]} Bf2 {[%emt 0:01:50]} 50. fxg6 {[%emt 0:04:36]} hxg6 {[%emt 0:00:04]} 51. e5 {[%emt 0:00:02]} f5 {[%emt 0:00:43]} 52. Ke2 $11 {[%emt 0:00:13]} Bc5 {[%emt 0:00:33]} 53. h3 {[%emt 0:00:22]} Ke7 {[%emt 0:02:11]} 54. g4 {[%emt 0:01:28]} fxg4 {[%emt 0:00:06]} 1/2-1/2

[Event "XVII MetLife Najdorf Open 2017"]
[Site "Warsaw"]
[Date "2017.07.16"]
[Round "8"]
[White "Baasansuren, Erdene"]
[Black "Chylewski, Patryk"]
[Result "0-1"]
[WhiteElo "2128"]
[BlackElo "2275"]
[Annotator "ChessBase"]
[PlyCount "116"]
[EventDate "2017.??.??"]
[EventType "swiss"]
[EventCountry "POL"]
[SourceTitle "playchess.com"]
[Source "ChessBase"]
[SourceQuality "1"]
[TimeControl "40/5400+30:1800+30"]

1. d4 {[%emt 0:00:00]} Nf6 {[%emt 0:00:07]} 2. c4 {[%emt 0:00:10]} e6 {[%emt 0:00:12]} 3. g3 {[%emt 0:01:15]} d5 {[%emt 0:00:13]} 4. Nf3 {[%emt 0:01:35]} Bb4+ {[%emt 0:00:34]} 5. Bd2 {[%emt 0:01:38]} Bd6 {[%emt 0:00:59]} 6. Bg2 {[%emt 0:03:22]} c6 {[%emt 0:00:50]} 7. O-O {[%emt 0:02:34]} Nbd7 {[%emt 0:00:47]} 8. Qc2 {[%emt 0:03:56]} O-O {[%emt 0:01:19]} 9. Nc3 {[%emt 0:09:14]} dxc4 {[%emt 0:04:23]} 10. e4 {[%emt 0:05:41]} e5 {[%emt 0:03:58]} 11. a4 {[%emt 0:11:39]} exd4 {[%emt 0:16:40]} 12. Nxd4 {[%emt 0:01:54]} Ne5 {[%emt 0:02:32]} 13. Nce2 {[%emt 0:11:23]} c5 {[%emt 0:14:35]} 14. Nb5 {[%emt 0:02:21]} Bb8 {[%emt 0:13:47]} 15. Nf4 {[%emt 0:10:19]} Bg4 {[%emt 0:05:14]} 16. f3 {[%emt 0:05:00]} Bd7 {[%emt 0:01:16]} 17. Na3 {[%emt 0:03:19]} Bxa4 {[%emt 0:04:37]} 18. Qxa4 {[%emt 0:09:05]} Qxd2 {[%emt 0:00:07]} 19. Rf2 {[%emt 0:00:58]} Qb4 {[%emt 0:00:53]} 20. Qd1 {[%emt 0:07:59]} Bc7 {[%emt 0:02:02]} 21. Bf1 {[%emt 0:02:36]} Rfd8 {[%emt 0:04:16]} 22. Nd5 {[%emt 0:01:53]} Nxd5 {[%emt 0:01:04]} 23. exd5 {[%emt 0:00:07]} Qb3 {[%emt 0:09:21]} 24. f4 {[%emt 0:02:09]} Qxd1 {[%emt 0:02:18]} 25. Rxd1 {[%emt 0:00:03]} Nd3 {[%emt 0:05:41]} 26. Bxd3 {[%emt 0:01:32]} cxd3 {[%emt 0:00:05]} 27. Rxd3 {[%emt 0:00:05]} a6 {[%emt 0:00:25]} 28. Rc2 {[%emt 0:01:29]} b5 {[%emt 0:00:57]} 29. b3 {[%emt 0:00:38]} Ba5 {[%emt 0:02:09]} 30. Re2 {[%emt 0:00:25]} Rd7 {[%emt 0:00:31]} 31. Nc2 {[%emt 0:00:35]} c4 {[%emt 0:01:42]} 32. bxc4 {[%emt 0:00:21]} bxc4 {[%emt 0:00:04]} 33. Rd1 {[%emt 0:00:18]} Kf8 {[%emt 0:01:53]} 34. Kg2 {[%emt 0:00:41]} c3 {[%emt 0:00:44]} 35. Re4 {[%emt 0:00:38]} Rb8 {[%emt 0:00:26]} 36. Kf3 {[%emt 0:00:30]} Rb2 {[%emt 0:00:56]} 37. Re2 {[%emt 0:00:26]} Rb5 {[%emt 0:00:28]} 38. Ne3 {[%emt 0:00:36]} Bb4 {[%emt 0:00:24]} 39. Rc2 {[%emt 0:00:28]} a5 {[%emt 0:00:44]} 40. Ra1 {[%emt 0:00:00]} Rb8 {[%emt 0:00:36]} 41. Raa2 {[%emt 0:22:35]} Re8 {[%emt 0:09:15]} 42. Ra4 {[%emt 0:02:38]} f5 {[%emt 0:06:22]} 43. h3 {[%emt 0:01:22]} g6 {[%emt 0:01:40]} 44. g4 {[%emt 0:01:06]} Rde7 {[%emt 0:03:23]} 45. Nc4 {[%emt 0:01:11]} Re4 {[%emt 0:01:40]} 46. Ne5 {[%emt 0:04:06]} Rd4 {[%emt 0:02:20]} 47. gxf5 {[%emt 0:00:14]} gxf5 {[%emt 0:00:05]} 48. Nd7+ {[%emt 0:01:20]} Ke7 {[%emt 0:00:26]} 49. Ne5 {[%emt 0:00:24]} Kd6 {[%emt 0:02:08]} 50. Re2 {[%emt 0:00:29]} Kxd5 {[%emt 0:00:38]} 51. Raa2 {[%emt 0:00:09]} Rd2 {[%emt 0:00:55]} 52. Ke3 {[%emt 0:00:57]} Bc5+ {[%emt 0:01:31]} 53. Kf3 {[%emt 0:00:13]} Rxe2 {[%emt 0:00:47]} 54. Kxe2 {[%emt 0:00:29]} Ke4 {[%emt 0:00:35]} 55. Nd7 {[%emt 0:00:48]} Kxf4+ {[%emt 0:00:28]} 56. Kf1 {[%emt 0:00:30]} Bd4 {[%emt 0:00:46]} 57. Ra4 {[%emt 0:00:24]} Ke3 {[%emt 0:00:19]} 58. Ra2 {[%emt 0:00:36]} Kd3 {[%emt 0:00:15]} 0-1

[Event "XVII MetLife Najdorf Open 2017"]
[Site "Warsaw"]
[Date "2017.07.16"]
[Round "8"]
[White "Domanski, Lukasz"]
[Black "Kowalczyk, Rafal"]
[Result "1-0"]
[WhiteElo "2113"]
[BlackElo "2240"]
[Annotator "NA"]
[PlyCount "99"]
[EventDate "2017.??.??"]
[EventType "swiss"]
[EventCountry "POL"]
[SourceTitle "playchess.com"]
[Source "ChessBase"]
[SourceQuality "1"]
[TimeControl "40/5400+30:1800+30"]

1. e4 {[%emt 0:00:00]} e5 {[%emt 0:00:08]} 2. Bc4 {[%emt 0:00:00]} Nc6 {[%emt 0:00:47]} 3. Nc3 {[%emt 0:00:00]} Nf6 {[%emt 0:00:10]} 4. d3 {[%emt 0:00:00]} Na5 {[%emt 0:00:11]} 5. Nge2 {[%emt 0:00:01]} c6 {[%emt 0:05:21]} 6. a4 {[%emt 0:00:04]} Nxc4 {[%emt 0:00:51] C28: Vienna Game: 2...Nf6 3 Bc4 Nc6} 7. dxc4 {[%emt 0:00:14]} Bc5 {[%emt 0:01:11]} (7... Be7 8. O-O d6 9. b3 Qc7 10. Qd3 O-O 11. h3 Be6 12. Qf3 Rfd8 13. Rd1 Qa5 14. Bd2 Qc7 15. Be3 Qa5 16. Bd2 Qc7 17. Be3 Qa5 18. Bd2 {½-½ (18) Martin Molinero,R (2408)-Cavajda,I (2468) ICCF email 2014}) 8. f3 {[%emt 0:00:07]} d6 {[%emt 0:00:24]} 9. Qd3 {[%emt 0:00:34]} Be6 {[%emt 0:01:50]} 10. b3 {[%emt 0:01:09]} O-O {[%emt 0:09:47]} 11. Be3 {[%emt 0:02:22]} Bb4 $146 {[%emt 0:00:08]} ({Predecessor:} 11... Qa5 12. Kf2 Nd7 13. Ng3 g6 14. Rhd1 Rad8 15. Bxc5 Nxc5 16. Qe3 Rd7 17. Rab1 Qb4 18. Nge2 b6 19. Na2 {½-½ (19) Wolff,C (2102)-Slamenik,J (2164) LSS email 2010}) 12. O-O-O {[%emt 0:07:58]} a6 {[%emt 0:03:35]} 13. Kb2 {[%emt 0:07:55]} b5 {[%emt 0:02:16]} 14. cxb5 {[%emt 0:02:04]} axb5 {[%emt 0:00:23]} 15. Na2 {[%emt 0:02:28]} Bc5 {[%emt 0:37:14]} 16. Bxc5 {[%emt 0:01:24]} dxc5 {[%emt 0:00:05]} 17. Qxd8 {[%emt 0:01:08]} Rfxd8 {[%emt 0:00:06]} 18. axb5 {[%emt 0:04:22]} cxb5 {[%emt 0:00:11]} 19. Nec3 {[%emt 0:04:24]} Rdb8 {[%emt 0:10:11]} 20. Rd6 {[%emt 0:09:18]} Kf8 {[%emt 0:06:04]} 21. Rhd1 {[%emt 0:03:50]} Rb7 {[%emt 0:06:16]} 22. Rc6 {[%emt 0:07:07]} Nd7 {[%emt 0:05:58]} 23. Nd5 {[%emt 0:04:11]} Bxd5 {[%emt 0:01:31]} 24. exd5 {[%emt 0:06:14]} b4 {[%emt 0:05:10]} 25. Nc1 {[%emt 0:04:48]} Rba7 {[%emt 0:00:30]} 26. Nd3 {[%emt 0:01:14]} Ra5 {[%emt 0:00:53]} 27. Kc1 {[%emt 0:02:35]} f6 {[%emt 0:01:57]} 28. Kd2 {[%emt 0:04:40]} R8a6 {[%emt 0:00:08]} 29. Ke3 {[%emt 0:04:15]} Ke7 {[%emt 0:01:10]} 30. Nb2 {[%emt 0:05:49]} Rxc6 {[%emt 0:00:30]} 31. dxc6 {[%emt 0:00:09]} Nb6 {[%emt 0:00:27]} 32. Na4 {[%emt 0:01:58]} Nxa4 {[%emt 0:00:28]} 33. bxa4 {[%emt 0:00:15]} c4 34. Rd7+ {[%emt 0:01:15]} Ke6 {[%emt 0:00:44]} 35. Rxg7 {[%emt 0:02:25]} Rc5 {[%emt 0:00:49]} 36. Rxh7 {[%emt 0:03:47]} b3 {[%emt 0:00:15]} 37. Rb7 {[%emt 0:03:42]} Rxc6 {[%emt 0:00:04]} 38. a5 {[%emt 0:00:47]} Kd5 {[%emt 0:01:14]} 39. cxb3 {[%emt 0:01:53]} cxb3 {[%emt 0:00:28]} 40. Rxb3 {[%emt 0:00:00]} Rc2 {[%emt 0:00:32]} 41. Ra3 {[%emt 0:06:16]} Rxg2 {[%emt 0:11:50]} 42. a6 {[%emt 0:00:22]} Rg8 {[%emt 0:01:17]} 43. a7 {[%emt 0:00:13]} Ra8 {[%emt 0:00:04]} 44. Ra6 {[%emt 0:00:51]} f5 {[%emt 0:00:34]} 45. h4 {[%emt 0:00:55]} Kc5 {[%emt 0:00:19]} 46. h5 {[%emt 0:00:13]} Kb5 {[%emt 0:00:03]} 47. Ra1 {[%emt 0:00:13]} Kb6 {[%emt 0:00:04]} 48. h6 {[%emt 0:00:21]} Kc7 {[%emt 0:00:17]} 49. h7 {[%emt 0:00:15]} Kb7 {[%emt 0:00:02]} 50. Ra2 1-0

[Event "XVII MetLife Najdorf Open 2017"]
[Site "Warsaw"]
[Date "2017.07.16"]
[Round "8"]
[White "Priyanka Nutakki"]
[Black "Niekras, Dawid"]
[Result "1/2-1/2"]
[WhiteElo "2104"]
[BlackElo "2291"]
[Annotator "NA"]
[PlyCount "88"]
[EventDate "2017.??.??"]
[EventType "swiss"]
[EventCountry "POL"]
[SourceTitle "playchess.com"]
[Source "ChessBase"]
[SourceQuality "1"]
[TimeControl "40/5400+30:1800+30"]

1. e4 {[%emt 0:00:00]} c5 {[%emt 0:00:07]} 2. Nf3 {[%emt 0:00:00]} d6 {[%emt 0:00:05]} 3. d4 {[%emt 0:00:00]} cxd4 {[%emt 0:00:04]} 4. Qxd4 {[%emt 0:00:00]} Nc6 {[%emt 0:00:08]} 5. Bb5 {[%emt 0:00:06]} Bd7 {[%emt 0:00:06]} 6. Bxc6 {[%emt 0:00:08]} Bxc6 {[%emt 0:00:06]} 7. Nc3 {[%emt 0:00:10]} e5 {[%emt 0:01:08]} 8. Qd3 {[%emt 0:01:00]} h6 {[%emt 0:00:15]} 9. Be3 {[%emt 0:06:22]} Nf6 {[%emt 0:00:28]} 10. h3 {[%emt 0:00:13]} Be7 {[%emt 0:00:43]} 11. O-O-O {[%emt 0:01:42]} Qd7 {[%emt 0:23:58]} 12. Nd2 {[%emt 0:09:00]} b5 {[%emt 0:03:03]} 13. Nd5 {[%emt 0:01:54]} Bxd5 {[%emt 0:11:32]} 14. exd5 {[%emt 0:00:04]} O-O {[%emt 0:01:04]} 15. g4 {[%emt 0:05:39]} Qb7 {[%emt 0:02:39]} 16. Nf1 {[%emt 0:05:02]} Rfc8 {[%emt 0:07:41]} 17. Rg1 {[%emt 0:06:13]} Qc7 {[%emt 0:14:15]} 18. Kb1 {[%emt 0:05:22]} Qc4 {[%emt 0:03:25]} 19. Ng3 {[%emt 0:04:27]} Qxd3 {[%emt 0:08:21]} 20. Rxd3 {[%emt 0:00:02]} Rc4 {[%emt 0:01:01]} 21. Nf5 {[%emt 0:04:59]} Bf8 {[%emt 0:00:53]} 22. f3 {[%emt 0:14:35]} Nd7 {[%emt 0:06:48]} 23. Rd2 {[%emt 0:06:18]} a5 {[%emt 0:03:42]} 24. Rf1 {[%emt 0:03:36]} a4 {[%emt 0:04:34]} 25. Rd3 {[%emt 0:08:15]} Rac8 {[%emt 0:01:15]} 26. Rf2 {[%emt 0:00:19]} Kh7 {[%emt 0:01:12]} 27. Ng3 {[%emt 0:01:40]} g6 {[%emt 0:02:33]} 28. h4 {[%emt 0:01:59]} Be7 {[%emt 0:00:55]} 29. Rh2 {[%emt 0:00:13]} h5 {[%emt 0:01:05]} 30. gxh5 {[%emt 0:02:07]} Rxh4 {[%emt 0:00:41]} 31. hxg6+ {[%emt 0:00:36]} fxg6 {[%emt 0:00:47]} 32. Rxh4+ {[%emt 0:00:39]} Bxh4 {[%emt 0:00:02]} 33. Ne4 {[%emt 0:00:01]} Be7 {[%emt 0:00:17]} 34. Bg5 {[%emt 0:01:28]} Bf8 {[%emt 0:00:34]} 35. f4 {[%emt 0:00:42]} Rc4 {[%emt 0:01:22]} 36. Nd2 {[%emt 0:00:08]} Rc8 {[%emt 0:00:48]} 37. Ne4 {[%emt 0:04:08]} Re8 {[%emt 0:00:32]} 38. Rh3+ {[%emt 0:01:34]} Kg8 {[%emt 0:00:05]} 39. Bf6 {[%emt 0:02:44]} exf4 {[%emt 0:00:50]} 40. Rh8+ {[%emt 0:00:00]} Kf7 {[%emt 0:00:04]} 41. Rh7+ {[%emt 0:00:08]} Kg8 {[%emt 0:00:03]} 42. Rh8+ {[%emt 0:00:09]} Kf7 {[%emt 0:00:06]} 43. Rh7+ {[%emt 0:00:02]} Kg8 {[%emt 0:00:05]} 44. Rh8+ {[%emt 0:00:03]} Kf7 {[%emt 0:00:04]} 1/2-1/2

[Event "XVII MetLife Najdorf Open 2017"]
[Site "Warsaw"]
[Date "2017.07.16"]
[Round "8"]
[White "Fus, Jakub"]
[Black "Michalczak, Thomas"]
[Result "1-0"]
[WhiteElo "2103"]
[BlackElo "2239"]
[Annotator "NA"]
[PlyCount "49"]
[EventDate "2017.??.??"]
[EventType "swiss"]
[EventCountry "POL"]
[SourceTitle "playchess.com"]
[Source "ChessBase"]
[SourceQuality "1"]
[TimeControl "40/5400+30:1800+30"]

1. d4 {[%emt 0:00:00]} Nf6 {[%emt 0:00:07]} 2. c4 {[%emt 0:00:00]} c5 {[%emt 0:00:05]} 3. d5 {[%emt 0:00:14]} e6 {[%emt 0:00:05]} 4. Nc3 {[%emt 0:00:17]} exd5 {[%emt 0:00:06]} 5. cxd5 {[%emt 0:00:17]} d6 {[%emt 0:00:05]} 6. Nf3 {[%emt 0:00:22]} g6 {[%emt 0:00:07]} 7. h3 {[%emt 0:00:19]} Bg7 {[%emt 0:00:11]} 8. e4 {[%emt 0:00:21]} O-O {[%emt 0:00:06]} 9. Bd3 {[%emt 0:00:23]} b5 {[%emt 0:01:19]} 10. Nxb5 {[%emt 0:00:24]} Nxe4 {[%emt 0:03:23]} 11. O-O {[%emt 0:01:35]} a6 {[%emt 0:00:33]} 12. Nc3 {[%emt 0:08:23]} Nxc3 {[%emt 0:02:57]} 13. bxc3 {[%emt 0:01:52]} Nd7 {[%emt 0:18:36]} 14. Rb1 {[%emt 0:27:46]} Ne5 {[%emt 0:03:22]} 15. Nxe5 {[%emt 0:02:15]} Bxe5 {[%emt 0:00:09]} 16. Bh6 {[%emt 0:05:01]} Re8 {[%emt 0:00:29]} 17. Qd2 {[%emt 0:01:57]} c4 {[%emt 0:39:31]} 18. Bxc4 {[%emt 0:02:29]} Qc7 {[%emt 0:00:08]} 19. Bb3 {[%emt 0:08:16]} Qxc3 {[%emt 0:01:46]} 20. Qxc3 {[%emt 0:01:36]} Bxc3 {[%emt 0:00:02]} 21. Ba4 {[%emt 0:02:17]} Rd8 {[%emt 0:00:59]} 22. Bc6 {[%emt 0:00:40]} Ra7 {[%emt 0:00:11]} 23. Rb8 {[%emt 0:06:24]} Re7 {[%emt 0:05:09]} 24. Rc1 {[%emt 0:01:54]} Bd4 {[%emt 0:01:14]} 25. Ba4 {[%emt 0:01:59]} 1-0

[Event "XVII MetLife Najdorf Open 2017"]
[Site "Warsaw"]
[Date "2017.07.17"]
[Round "9"]
[White "Cheparinov, Ivan"]
[Black "Czarnota, Pawel"]
[Result "1/2-1/2"]
[WhiteElo "2703"]
[BlackElo "2557"]
[Annotator "TA"]
[PlyCount "85"]
[EventDate "2017.??.??"]
[EventType "swiss"]
[EventCountry "POL"]
[SourceTitle "playchess.com"]
[Source "ChessBase"]
[SourceQuality "1"]

{[%evp 23,85,67,54,39,79,79,71,70,70,89,74,72,82,82,95,66,61,29,116,121,145,80,73,72,74,70,102,96,127,115,198,203,338,156,169,154,156,96,91,100,93,22,57,0,2,0,0,0,0,0,0,0,0,0,0,0,0,0,0,0,0,0,0,0]} 1. e4 c5 2. Nf3 d6 3. d4 cxd4 4. Nxd4 Nf6 5. Nc3 Nc6 6. Bg5 e6 7. Qd2 a6 8. O-O-O Bd7 9. f4 b5 {[%cal Bb7b5,Bb5b4][%mdl 32]} 10. Bxf6 gxf6 11. Kb1 b4 {B67: Sicilian: Richter-Rauzer: 7...a6 8 0-0-0 Bd7, lines without 9 f4 Be7} 12. Nce2 Qb6 {LiveBook: 123 Games} 13. g4 (13. g3 Rc8 14. Bg2 h5 15. Bf3 Na5 16. b3 Bg7 17. g4 h4 18. g5 fxg5 19. Rhg1 {1-0 (28) Anand,V (2779)-Li,C (2720) Doha 2016}) 13... h5 {White is slightly better.} 14. g5 $146 ({Predecessor:} 14. gxh5 Rxh5 15. h4 Rh8 16. h5 a5 17. Qd3 Nd8 18. Ng3 Nb7 19. f5 {0-1 (64) Marek,R (2419)-Sidenko,A (2272) ICCF email 2008}) 14... fxg5 15. fxg5 Nxd4 16. Nxd4 Qc5 17. g6 fxg6 18. Qg2 Rg8 {[#]} 19. e5 $1 {[%mdl 512]} d5 (19... Qxe5 20. Qxa8+) 20. Be2 O-O-O (20... Qb6 $11) 21. Bxa6+ $16 Kb8 22. Rhf1 (22. Bb5 $142 $1) 22... Qb6 23. Be2 Bc5 24. Nb3 $1 Be3 25. Rf6 g5 26. Bxh5 Qc7 (26... Rh8 $16 27. Qe2 Bf4) 27. Nd4 $1 $18 Rc8 (27... Rh8 $142) 28. Rf7 (28. Nxe6 $18 Qc4 29. Bf3 (29. Rxd5 Bc6 $11) (29. Qxd5 $2 {leads to mate.} Qxc2+ 30. Ka1 Qc1+ 31. Rxc1 Rxc1#)) 28... Qxe5 {White must now prevent ...Be8.} 29. Rxd7 Bxd4 {[#]} 30. Qd2 (30. Qf1 $142 $1 {[%cal Rf1b5]} Rc4 31. Be2) 30... Rc4 $16 31. Re1 Qf4 {[#]} 32. Qe2 (32. Qd3 $1 $16 Qh4 33. Qd1) 32... Rgc8 33. Bg6 ({Better is} 33. b3 $1 $14 R4c5 34. Bg4 (34. Qa6 R5c7 $16)) 33... Bh8 {The position is equal.} 34. Qxe6 {Intending Qb6+ and mate.} Qd4 $1 {[%csl Gh8][%cal Rd4b2]} 35. Qd6+ R4c7 {[%csl Gh8][%cal Rd4b2]} 36. c3 $1 {[%cal Rc3d4]} bxc3 {( -> ...c2+!)} 37. Rxc7 Rxc7 38. Bc2 cxb2 39. Qa6 {Re8+ would kill now.} Be5 {Threatens to win with ...Rxc2!} 40. Qb5+ Ka7 41. Qa5+ Kb7 {aiming for ...Rxc2.} 42. Qb5+ Ka7 {Strongly threatening ...Rxc2!} 43. Qa5+ {Precision: White = 66%, Black = 59%.} 1/2-1/2